MDQL
is popping MORE tags! Check the
thread
!
Quizzes
Events
Quiz Creation
Community
Videos
Private Events
Remove Ads
Sign In
Join for FREE
Feedback
Dark Mode
Quiz Categories
Sports
Geography
Music
Movies
Television
Just For Fun
Miscellaneous
History
Literature
Language
Science
Gaming
Entertainment
Religion
Holiday
For Kids
Quiz Lab
Recent
Popular Today
Quiz Kudos Today
Editor Picks
Curator Picks
Quizzes by...
Day
Popularity
Type
Ratings
Length
Year
Community
Subscriptions
Recent Discussions
Orange Saloon
Badges
Playlists
Quests
Create
Leaderboards
Showdown
Live 5
Trivia Bingo
Activity
Puzzle Library
Sporcle Events
Private Events
Virtual Trivia
Globe League
Become a Host
Pub Owners
SporcleCon
Opinionation
Our Games
Videos
Blog
Mobile Apps
Partnerships
Remove Ads and Go Orange
Feedback
Gaming
Video Games
Board Games
Card Games
Pokémon
Mario
Nintendo
Minecraft
Console
Toys
Legend of Zelda
Gaming
Video Games
Board Games
Card Games
Pokémon
Mario
Nintendo
Minecraft
Console
Toys
Legend of Zelda
Random Quiz
Search Sporcle
×
Quiz Lab
Quiz Lab
Gaming
Skyrim
Type in answers that appear in a list
Type in answers that appear in a list
Classic
Best Score? Go Orange.
All Alteration Spells in Skyrim Stats
Can you name all the alteration spells in The Elder Scrolls V: Skyrim?
By
BeanSoda
10m
17 Questions
46 Plays
46 Plays
46 Plays
Comments
Comments
Give Quiz Kudos
Give Quiz Kudos
-
- Ratings
hide this ad
Replay
Link that replays current quiz
Next Quiz
Link to next quiz in quiz playlist
You Got
0%
They Got
Avg Score
60%
Avg Friend Score
Upgrade to see
Score Distribution
Jump to the score distribution portion of the page
Score
0/17
Timer
10:00
0
Plays Today
Difficulty
Spell
% Correct
Novice
Oakflesh
89.1%
Adept
Ironflesh
84.8%
Expert
Ebonyflesh
84.8%
Apprentice
Stoneflesh
80.4%
Adept
Telekinesis
67.4%
Adept
Transmute
67.4%
Novice
Candlelight
65.2%
Master
Dragonhide
63%
Apprentice
Magelight
60.9%
Difficulty
Spell
% Correct
Adept
Waterbreathing
60.9%
Adept
Detect Life
58.7%
Expert
Detect Dead
50%
Novice
Equilibrium
47.8%
Expert
Paralyze
45.7%
Master
Mass Paralysis
43.5%
Adept (Dragonborn)
Ash Shell
26.1%
Expert (Dawnguard)
Ash Rune
26.1%
Quiz Playlist
Details
Report
Send in Message
Add To Playlist
Classic:
Type in answers that appear in a list
Last Updated: Feb 16, 2017
Quiz Scoreboard
CHALLENGE
Sign Up to Join the Scoreboard
Show All
Scores
Hide
Comments
May contain spoilers
Recently Published
Find the 'City' Movie
by crazypaving
Movies
60s
5x2 Blitz: Bands
by SL_Kpop136
Music
30s
Colored Red Africa Blitz
by spor1
Geography
30s
More to Explore
Quiz From the Vault
Featured Blog Post
14 Easter Pick-up Lines to Find Eggs With
hide this ad
You Might Also Like...
Tags
Elder Scrolls
Skyrim
Today's Top Quizzes in Gaming
Browse Gaming
hide this ad
Today's Top Quizzes in Skyrim
Browse Skyrim
Top Contributed Quizzes in Gaming
1
Dead By Daylight Logic Puzzle
2
League of Legends Pro Players by Career/Team History
3
Destiny 2 exotic weapons by perk icons
4
Genshin Impact Logic Puzzle
5
Overwatch 2: Ultimate Ability Icons
6
Genshin Impact Logic Puzzle Quiz II
7
Windmill: Elements
8
Overwatch Logic Puzzle
9
Genshin Impact Logic Puzzle Quiz
10
Genshin murder mystery
Explore More
Trending Topics
Harry Potter
Marvel
Disney
Anime
Crossword
NBA
Kpop
Song
Soccer
Puzzle
Pokémon
Country
NFL
WWE
The Office
hide this ad
More By:
BeanSoda
Quiz
Plays
Rating
Category
Featured
Created
Civilization VI Grab Bag
1,367
5.00
Gaming
Jan 31, 2019
GTA V Car Brands vs. Real Life Brands
777
1.00
Gaming
Jan 14, 2018
Ultimate Skyrim Grab Bag
773
5.00
Gaming
Feb 12, 2021
Ultimate Elder Scrolls Quiz
562
4.00
Gaming
Dec 26, 2016
Subnautica Grab Bag
466
5.00
Gaming
Dec 3, 2020
Go to Creator's Profile
Score Distribution
Quiz Creator Spotlight
BeanSoda
Follow
Send a Message
Quizzes Created
-
Created Quiz Play Count
-
More By This Creator
Popular Quizzes Today
1
Colored Red Africa Blitz
2
Find the US States - No Outlines Minefield
3
Find the 'City' Movie
4
5x2 Blitz: Bands
5
The Countries of the World
6
Find the US States
7
US States
8
9x9 Crossword: Cartoon Network
More Gaming Quizzes
Chess Bunker
Curator's Pick
Trending Quizzes
Colored Red Europe Blitz I
Colored Red Europe Blitz II
Colored Red Africa Blitz II
Colored Red Africa Blitz III
Colored Red Europe Blitz III
Recently Updated
Godzilla Movies
pecheneg
Grab Bag: 4-10 Letters
pecheneg
2024 March Madness Bracket
pecheneg
Famous TV Couples
Peacemaker
Champions League XIs: Real Madrid
pecheneg
Largest US Cities 1790-2010
pecheneg
Rides in Walt Disney World
pecheneg
Most Oscar Losses (Acting)
pecheneg
Beyoncé Albums
pecheneg
Leaping Animals
pecheneg
Trending Topics
Harry Potter
Marvel
Anime
Disney
Crossword
NBA
Kpop
Song
Puzzle
Soccer
The Office
Country
Pokémon
WWE
NFL
Your Account Isn't Verified!
In order to create a playlist on Sporcle, you need to verify the email address you used during registration. Go to your
Sporcle Settings
to finish the process.
Report this User
Report this user for behavior that violates our
Community Guidelines
.
Details:
Send Report
Go to the Sporcle.com Mobile Site →
Comments